00425nam a22001217a 4500020001800000082001700018100002400035245014200059260003000201300001700231563000700248700004800255 a9781119786306 a621.042bPRI aPriyadarshi, Neeraj a Intelligent renewable energy systems :b integrating artificial intelligence techniques and optimization algorithms/cNeeraj Priyadarshi a Hoboken :bWiley,c2022. axvi, 450 p : aHB a Akash Kumar Bhoi, Sanjeevikumar Padmanaban